| 000 | 00485nmm a22001697a 4500 | ||
|---|---|---|---|
| 005 | 20160215144419.0 | ||
| 008 | 150727b xxu||||| |||| 00| 0 spa d | ||
| 041 | _aEspañol | ||
| 082 |
_aMD _b23 |
||
| 100 |
_aMolina, Marianela _94237 |
||
| 245 | _aInforme de Práctica Supervisada realizado en el Hospital Dr. Rafael Ángel Calderón Guardia | ||
| 260 | _c2012 | ||
| 650 |
_aCOSTA RICA _92 |
||
| 650 |
_aMECANICA DENTAL _94238 |
||
| 650 |
_aREVESTIDO DE MODELOS _94239 |
||
| 942 | _cIP | ||
| 999 |
_c6608 _d6608 |
||